| 000 | 00317nam a22001097a 4500 | ||
|---|---|---|---|
| 999 |
_c65877 _d65874 |
||
| 100 |
_aLala Rukh Baloch _a09MSIT21 |
||
| 245 | _aDevelopment of IOT based model in the context of collage education | ||
| 260 |
_aNawabshah _bQUEST _c2019 |
||
| 300 | _a48 | ||
| 700 | _aDepartment of Information Technology | ||
| 942 | _cTHESIS | ||